LEADER 00701nam0-22002651i-450- 001 990005010430403321 005 19990530 035 $a000501043 035 $aFED01000501043 035 $a(Aleph)000501043FED01 035 $a000501043 100 $a19990530g19629999km-y0itay50------ba 101 0 $aita 105 $ay-------001yy 200 1 $aNigidio Figulo$fAdriana Della Casa 210 $aRoma$cEdizioni dell'Ateneo$d1962. 215 $a138 p.$d23 cm 700 1$aDella Casa,$bAdriana$0169737 801 0$aIT$bUNINA$gRICA$2UNIMARC 901 $aBK 912 $a990005010430403321 952 $aVI D 66$bBibl. 38.509$fFLFBC 959 $aFLFBC 996 $aNigidio Figulo$9305893 997 $aUNINA